000 00601nam a2200229Ia 4500
003 OSt
005 20221005130905.0
006 a|||||r|||| 00| 0
007 ta
008 221004b |||||||| |||| 00| 0 mar d
024 _a46677
037 _cTextual
040 _aCRL
_cCRL
_bmar
041 _2mar
_amar
082 _aQ2:332wL3, 155F2
100 _aPangankar Laxman Ramchander Ed.
_9638806
245 0 _aSantcharitmala
260 _c1922
650 _aRELIGION
942 _hQ2:332wL3, 155F2
_cTEXL
_2cc
999 _c1058699
_d1058699